| 000 | 01261nam2a22002411 4500 | ||
|---|---|---|---|
| 001 | v19\rc\1561684 | ||
| 005 | 20250618191019.0 | ||
| 035 | _a(NLR Aleph) 004674391 | ||
| 090 |
_a3721556 _c3721556 |
||
| 100 | _a20060620d1907 |||y0rusy50 ca | ||
| 101 | 0 | _arus | |
| 102 | _aRU | ||
| 105 | _ay z ||||| | ||
| 200 | 0 |
_a... 1908 _e56 год |
|
| 210 |
_d[1907] _aБ. м. |
||
| 215 | _a43 с., включ. 3 с. обл. | ||
| 461 | 0 |
_1001v19\rc\1561671 _12001#$aРеестр свежим и лучшего качества огородным, луговым, цветочным и древесным семенам, продающимся в семенной торговле Г. Лаубера, бывшей П. Бука...$v... 1908 _93721387 _aЛаубер, (Петербург) _c[Санкт-Петербург] _dценз. 1891-1912 _tРеестр свежим и лучшего качества огородным, луговым, цветочным и древесным семенам, продающимся в семенной торговле Г. Лаубера, бывшей П. Бука... _v... 1908 |
|
| 801 | 0 |
_aRU _bNLR _gpsbo |
|
| 801 | 0 |
_aRU _bRuMoRGB _2psbo |
|
| 801 | 1 |
_aRU _bProSoft-M _2rusmarc |
|
| 852 |
_aNLR _j18.335.1.367 |
||
| 942 | _cBOOK | ||
| 980 | _aNB | ||